Welcome to the Holygrace Academy Library

Please use search bar below to get started

RELUCTANTLY ALICE (Record no. 3592)

MARC details
000 -LEADER
fixed length control field 00272nam a22001217a 4500
082 ## - DEWEY DECIMAL CLASSIFICATION NUMBER
Classification number 823
Item number NAY/R
100 ## - MAIN ENTRY--AUTHOR NAME
Personal name NAYLOR, PHYLLIS REYNOLDS
245 ## - TITLE STATEMENT
Title RELUCTANTLY ALICE
260 ## - PUBLICATION, DISTRIBUTION, ETC. (IMPRINT)
Place of publication NEW YORK
Name of publisher YEARLING
Year of publication 1991
300 ## - PHYSICAL DESCRIPTION
Number of Pages 182
650 ## - SUBJECT ADDED ENTRY--TOPICAL TERM
Topical Term NOVEL
Geographic subdivision UNITED STATES
942 ## - ADDED ENTRY ELEMENTS (KOHA)
Koha item type Books
Holdings
Withdrawn status Lost status Collection code Home library Current library Shelving location Date acquired Source of acquisition Full call number Accession Number Koha item type
    Fiction Main Library Main Library SHELF-14-I- ALPHABETICAL N,O --ENGLISH NOVELS & FICTIONS 26/06/2010 purchase 823 NAY/R 05517 Books